Sukhi Dampati / | सुखी दंपती / (Record no. 12379)

000 -LEADER
fixed length control field 00470nam a22001697a 4500
008 - FIXED-LENGTH DATA ELEMENTS--GENERAL INFORMATION
fixed length control field 210129b ||||| |||| 00| 0 eng d
041 ## - LANGUAGE CODE
Language code of text/sound track or separate title hin
082 00 - DEWEY DECIMAL CLASSIFICATION NUMBER
Classification number 891.43
Item number T654
100 ## - MAIN ENTRY--PERSONAL NAME
9 (RLIN) 4028
Personal name Tolstoy, Leo
245 10 - TITLE STATEMENT
Title Sukhi Dampati /
Title सुखी दंपती /
260 ## - PUBLICATION, DISTRIBUTION, ETC. (IMPRINT)
Place of publication, distribution, etc [s.l.]
Name of publisher, distributor, etc Sanmarg Prakashan,
Date of publication, distribution, etc ?
300 ## - PHYSICAL DESCRIPTION
Extent .
365 ## - TRADE PRICE
Price type code Rs.
Price amount 100.00
650 #0 - SUBJECT ADDED ENTRY--TOPICAL TERM
Topical term or geographic name as entry element Hindi fiction
942 ## - ADDED ENTRY ELEMENTS (KOHA)
Item type Books
Holdings
Withdrawn status Lost status Source of classification or shelving scheme Damaged status Not for loan Permanent location Current location Date acquired Cost, normal purchase price Full call number Barcode Date last seen Koha item type
          IMU Kolkata IMU Kolkata 2021-01-29 100.00 891.43 T654 08634 2021-01-29 Books
Designed and Maintained by IMU-KC Library, Kolkata Campus © Copyright All Rights Reserved

webs counters

Powered by Koha